000 00799nam a2200229Ia 4500
999 _c46691
_d46691
003 GCL
005 20240530104339.0
008 140319s9999 xx 000 0 ara d
040 _aGCL /
_cGCL
082 0 4 _a792.9/
_bم م
100 0 _aمجموعة من الباحثين
245 1 0 _aمسرح امريكا اللاتينية /
_cمجموعة من الباحثين ؛ ترجمة نيفين محمود ، سمير متولى ، حسن عطية
300 _a348
490 _a100 قصة
_v0
650 0 4 _aالفنون المسرحية
650 0 4 _aالتمثيل فى المسرح
650 0 4 _aالمسرح الامريكى
650 0 4 _aالمسرح - تاريخ ونقد
700 1 _aسمير متولى
_eمترجم
700 1 _aنفين محمود
_eمترجم
942 _2ddc
_cBK